| 000 | 00723nam a2200253 i 4500 | ||
|---|---|---|---|
| 001 | 133751 | ||
| 003 | ES-MaACL | ||
| 005 | 20230906194524.0 | ||
| 007 | t| | ||
| 008 | 070828s1994 fr ||||1| fre d | ||
| 020 | _a2-07-073743-8 | ||
| 080 | _a81'25 | ||
| 100 | 1 |
_aLadmiral, Jean-René. _969435 |
|
| 245 | 1 | 0 |
_aTraduire _b: théorèmes pour la traduction / _cJean-René Ladmiral. |
| 260 |
_aParis : _bGallimard, _c[1994] |
||
| 300 |
_a273 p. ; _c19 cm. |
||
| 490 | 1 |
_atel ; _v246 |
|
| 500 | _aBiblioteca Jacinto Martínez Lacalle. | ||
| 504 | _aBibliografía: p.266-273. | ||
| 650 | 4 |
_aTraducción. _917608 |
|
| 830 | 0 |
_atel ; _v246 _9184073 |
|
| 852 |
_aES-MaACL _jE-12054 _bR.139919 |
||
| 999 |
_c133751 _d133751 |
||